Pokemon Click Quiz - Ghost - Statistics

General Stats
  • This quiz has been taken 61 times
  • The average score is 15 of 17
Answer Stats
Hint Answer % Correct
Dragon Dreepy
97%
Fire Chandelure
94%
Fighting Marshadow
94%
Electric Rotom
94%
Ice Rotom (Frost)
94%
Bug Shedinja
94%
Water Jellicent
91%
Fairy Mimikyu
91%
Grass Dhelmise
88%
Poison Gengar
88%
Ground Runerigus
88%
Normal Zorua (Hisuian)
88%
Flying Drifblim
85%
Steel Honedge
82%
Dark Spiritomb
82%
Psychic Lunala
79%
None/Single Type Yamask
79%
No matching quizzes found
Score Distribution
Percent of People with Each Score
Percentile by Number Answered
Your Score History
You have not taken this quiz